00847 2200181 4500245006100000020002200061250001100083100001900094700001800113650001800131005001900149260003600168041001400204084001000218300002500228500040300253336000900656 aMembangun Perusahaan yang ReligiuscAcep RuskandarhText a978-602-95737-2-5 aCet. 1 aAcep Ruskandar aTim Semiotika aEkonomi Islam a20240507082745 aBandungbCipta Pesona Sejahtera aIndonesia a2X6.3 a122 hlm. :c20.5 cm. aUntuk dapat menjalankan dan membangun suatu usaha yang religius, hal yang terpenting harus berawal dari niat wirausahawan itu sendiri, karna tanpa diawali dengan niat maka usaha tersebut tidak akan bisa berjalan dengan baik. Salah satu contoh usaha yang religius yaitu membuka usaha busana muslim. Memakai busana muslim itu modern dan terhormat juga dapat tampil gaya, trendy namun sopan dan syar`i atext